| 000 | 01486cam a22001934a 4500 | ||
|---|---|---|---|
| 005 | 20250605163944.0 | ||
| 008 | 250528s ||||||||||||||||||||||||d | ||
| 035 | _a15144 | ||
| 020 | _a415096111 | ||
| 040 |
_aGR-AtMCL _bgre _dGR-AtMCL _eAACR2 |
||
| 245 | 1 | _aThe Globalization of Business / The Challenge of the 1990s | |
| 260 |
_bRouledge, _c1993 |
||
| 300 | _a468 | ||
| 520 | _aThis state-of-the-art collection of essays identifies key themes in international business, looking ahead to the remaining year of the 1990s. Preface, Acknowledgements, Challenges for Teaching and Research in International Business, The Study of International Business: A Plea for a More Interdisciplinary Approach, Challenges for Theorizing about MNEs and MNE Activity, Micro - and Macro-Organizational Aspects of MNEs and MNE Activity, The Changing Dynamics of International Production, Global Strategy and the Theory of International Production, The Competitive Advantage of Countries and MNE Activity, Challenges to Established Patterns of MNE Activity, Japanese MNEs in Europe and the US: Some Comparisons and Contrasts, Transatlantic Foreign Direct Investment and the European Economic Community, Technology-Based Cross-Border Alliances, The Globalization of Service Activities, Challenges to National and Regional Government Policies, The Political Economy of MNE Activity, Notes and References, Index. | ||
| 700 | 1 |
_aDunning H. John _9999 |
|
| 942 | _cBK | ||
| 999 |
_c738 _d738 |
||